Capitale par Monument Célèbre - Statistiques

Statistiques générales
  • Ce quiz a été pris 146 fois
  • Le résultat moyen est 11 sur 15
Statistiques - réponses
Hint Réponse % Correct
Big Ben Londres
100%
Tour Eiffel Paris
100%
Colisée Rome
98%
Maison Blanche Washington
98%
Kremlin Moscou
97%
Château de Prague Prague
94%
Opéra de Vienne Vienne
94%
Acropole Athènes
91%
Porte de Brandebourg Berlin
90%
Basilique Saint-Pierre Vatican
72%
Temple du Ciel Pékin
61%
Grand-Place Bruxelles
52%
Temple d'Amon Madrid
41%
Monument du Millénaire Budapest
21%
Palais de l'Indépendance Astana
2%
Aucun quiz correspondant
Distribution des résultats
% des personnes avec chaque résultat
Percentile par nombre de réponses
Votre historique - résultats
Vous n’avez pas pris ce quiz